[Event "Marburg op"]
[Site "Marburg"]
[Date "2024.10.26"]
[Round "4"]
[White "Dorst, Johannes"]
[Black "Leck, Gerrit"]
[Result "1/2-1/2"]
[WhiteElo "2191"]
[BlackElo "2005"]
[PlyCount "65"]
[EventDate "2024.10.24"]
[EventType "swiss"]
[EventRounds "7"]
[EventCountry "GER"]
[SourceTitle "CB16_2025"]
[SourceDate "2025.04.16"]
[SourceVersion "1"]
[SourceVersionDate "2025.04.16"]
[SourceQuality "1"]

1. e4 c5 2. Nf3 Nc6 3. Bb5 g6 4. Bxc6 dxc6 5. d3 Qc7 6. 0-0 e5 7. a4 f6 8. a5 Be6 9. b3 Nh6 10. Nc3 Nf7 11. Be3 Rb8 12. Nd2 Bd6 13. Nc4 Bxc4 14. bxc4 0-0 15. Qg4 Kg7 16. Ne2 Qc8 17. Qh4 Qe6 18. f4 exf4 19. Nxf4 Qe7 20. Rae1 Rfe8 21. Ne2 b5 22. axb6 axb6 23. Rb1 f5 24. Qxe7 Rxe7 25. Nc3 Be5 26. Bd2 Bd4+ 27. Kh1 Nd6 28. exf5 Nxf5 29. Ne4 Ne3 30. Rfc1 Ng4 31. h3 Nf2+ 32. Nxf2 Bxf2 33. Bf4 1/2-1/2

[Event "Marburg op"]
[Site "Marburg"]
[Date "2024.10.25"]
[Round "2"]
[White "Dorst, Johannes"]
[Black "Mester, Philipp"]
[Result "1/2-1/2"]
[WhiteElo "2191"]
[BlackElo "1996"]
[PlyCount "97"]
[EventDate "2024.10.24"]
[EventType "swiss"]
[EventRounds "7"]
[EventCountry "GER"]
[SourceTitle "CB16_2025"]
[SourceDate "2025.04.16"]
[SourceVersion "1"]
[SourceVersionDate "2025.04.16"]
[SourceQuality "1"]

1. e4 c6 2. Nc3 d5 3. Nf3 dxe4 4. Nxe4 Nf6 5. Qe2 Nxe4 6. Qxe4 Nd7 7. Bc4 Nf6 8. Ne5 e6 9. Qe2 Bd6 10. 0-0 Qc7 11. Re1 Bxe5 12. Qxe5 Qxe5 13. Rxe5 Nd5 14. d4 Bd7 15. Bd2 a5 16. a4 f6 17. Re4 Kf7 18. Bf1 Rhc8 19. c4 Nb6 20. b3 c5 21. dxc5 Rxc5 22. Be3 Rc6 23. Rd1 e5 24. Rh4 Be6 25. Be2 Nd7 26. Bf3 Rc7 27. Rxh7 Bf5 28. Bd5+ Kg6 29. Rh4 Bc2 30. Rd2 Bxb3 31. Rg4+ Kh7 32. Rd3 Bc2 33. Be4+ Kg8 34. Bd5+ Kf8 35. Rc3 Bf5 36. Rh4 Ke7 37. Rb3 Rac8 38. h3 Nc5 39. Bxc5+ Rxc5 40. Rxb7+ R8c7 41. Rb6 Bd3 42. Rg4 Kf8 43. Rb8+ Rc8 44. Rb7 R5c7 45. Rxc7 Rxc7 46. Rg3 Bc2 47. Ra3 Ke7 48. Kf1 Kd6 49. Rc3 1/2-1/2

[Event "Oberliga Ost-B 2324"]
[Site "Germany"]
[Date "2024.03.16"]
[Round "8.2"]
[White "Dorst, Johannes"]
[Black "Khenkin, Igor"]
[Result "1/2-1/2"]
[WhiteElo "2183"]
[BlackElo "2511"]
[PlyCount "128"]
[EventDate "2023.10.22"]
[EventType "team-tourn"]
[EventRounds "11"]
[EventCountry "GER"]
[SourceTitle "EXT 2025"]
[Source "ChessBase"]
[SourceDate "2024.10.14"]
[SourceVersion "1"]
[SourceVersionDate "2024.10.14"]
[SourceQuality "1"]
[WhiteTeam "Marburg"]
[BlackTeam "Wiesbaden"]
[WhiteTeamCountry "GER"]
[BlackTeamCountry "GER"]

1. e4 c5 2. Nf3 Nc6 3. Bb5 d6 4. 0-0 Bd7 5. Re1 Nf6 6. c3 a6 7. Bc4 Bg4 8. d4 Bxf3 9. gxf3 cxd4 10. cxd4 e5 11. Be3 exd4 12. Bxd4 Be7 13. Nc3 0-0 14. Be3 Rc8 15. Be2 Ne5 16. f4 Nc4 17. Bd4 b5 18. b3 Na3 19. Bd3 b4 20. Ne2 Nb5 21. Bxb5 axb5 22. Ng3 g6 23. Qd2 d5 24. Bxf6 Bxf6 25. e5 Be7 26. Rad1 Qb6 27. Rc1 d4 28. Ne4 Rfd8 29. Rxc8 Rxc8 30. Rd1 Rd8 31. Qd3 Qe6 32. Qf3 f6 33. exf6 Bxf6 34. Nxf6+ Qxf6 35. Qe4 Kg7 36. Rd3 Rd7 37. Kg2 Kf7 38. Kf3 Qf5 39. Qxf5+ gxf5 40. Rd1 Ke6 41. Re1+ Kf6 42. Rc1 Rd6 43. Ke2 d3+ 44. Kd2 Rd4 45. Rc6+ Kg7 46. Rc5 Rxf4 47. Kxd3 Rxf2 48. Rxb5 Rf4 49. Ke3 Re4+ 50. Kf3 Kf6 51. Rc5 Rh4 52. Kg3 Rg4+ 53. Kf3 Rh4 54. Kg3 Rd4 55. Rb5 h5 56. h4 Rg4+ 57. Kh3 Ke6 58. Rc5 Rg1 59. Rb5 f4 60. Rxb4 Ke5 61. Kh2 Rg4 62. Rb5+ Ke4 63. Rxh5 f3 64. Rg5 Rxh4+ 1/2-1/2

[Event "Bad Woerishofen op-A"]
[Site "Bad Woerishofen"]
[Date "2024.03.10"]
[Round "3"]
[White "Harikrishnan, A Ra"]
[Black "Dorst, Johannes"]
[Result "1-0"]
[WhiteElo "2448"]
[BlackElo "2183"]
[PlyCount "27"]
[EventDate "2024.03.08"]
[EventType "swiss"]
[EventRounds "9"]
[EventCountry "GER"]
[SourceTitle "EXT 2025"]
[Source "ChessBase"]
[SourceDate "2024.10.14"]
[SourceVersion "1"]
[SourceVersionDate "2024.10.14"]
[SourceQuality "1"]

1. Nf3 Nf6 2. g3 g6 3. b3 Bg7 4. Bb2 c5 5. c4 Nc6 6. Bg2 0-0 7. 0-0 d6 8. d4 cxd4 9. Nxd4 Bd7 10. Nc3 Qc8 11. Re1 Bh3 12. Bh1 Nxd4 13. Qxd4 Ng4 14. Nd5 1-0

[Event "Oberliga Ost-B 2324"]
[Site "Germany"]
[Date "2024.02.24"]
[Round "6.3"]
[White "Heinatz, Thomas"]
[Black "Dorst, Johannes"]
[Result "1/2-1/2"]
[WhiteElo "2250"]
[BlackElo "2190"]
[PlyCount "95"]
[EventDate "2023.10.22"]
[EventType "team-tourn"]
[EventRounds "11"]
[EventCountry "GER"]
[SourceTitle "EXT 2025"]
[Source "ChessBase"]
[SourceDate "2024.10.14"]
[SourceVersion "1"]
[SourceVersionDate "2024.10.14"]
[SourceQuality "1"]
[WhiteTeam "Schoeneck"]
[BlackTeam "Marburg"]
[WhiteTeamCountry "GER"]
[BlackTeamCountry "GER"]

1. e4 e6 2. d4 d5 3. e5 c5 4. c3 Qb6 5. Nf3 Nc6 6. Bd3 Bd7 7. 0-0 cxd4 8. Re1 Nge7 9. a3 a6 10. b4 Rc8 11. Bb2 dxc3 12. Nxc3 Ng6 13. Rc1 Be7 14. Na4 Qd8 15. Nc5 Bxc5 16. Rxc5 0-0 17. Qd2 Qe7 18. g3 Na7 19. Rxc8 Rxc8 20. Qe3 Nc6 21. h4 Nf8 22. Nh2 Kh8 23. Ng4 Qd8 24. h5 Ne7 25. h6 g6 26. Qf3 Nf5 27. Bxf5 gxf5 28. Nf6 Ba4 29. Bd4 Nd7 30. Qh5 Nxf6 31. Qxf7 Nh5 32. Qxe6 Rc4 33. Qxf5 Rxd4 34. Qxh5 Be8 35. Qf3 Qe7 36. e6 Kg8 37. Qf5 Bg6 38. Qe5 Re4 39. Rxe4 dxe4 40. Qb8+ Be8 41. Qe5 Bc6 42. Kf1 Bb5+ 43. Kg1 Bc6 44. g4 Ba4 45. g5 Bc6 46. Qb8+ Be8 47. Qe5 Bc6 48. Qb8+ 1/2-1/2

[Event "Oberliga Ost-B 2223"]
[Site "Germany"]
[Date "2023.03.19"]
[Round "11.2"]
[White "Dorst, Johannes"]
[Black "Langheinrich, Ferenc"]
[Result "1/2-1/2"]
[WhiteElo "2218"]
[BlackElo "2381"]
[PlyCount "135"]
[EventDate "2022.09.18"]
[EventType "team-tourn"]
[EventRounds "11"]
[EventCountry "GER"]
[SourceTitle "EXT 2025"]
[Source "ChessBase"]
[SourceDate "2024.10.14"]
[SourceVersion "1"]
[SourceVersionDate "2024.10.14"]
[SourceQuality "1"]
[WhiteTeam "Marburg"]
[BlackTeam "Erfurt Empor"]
[WhiteTeamCountry "GER"]
[BlackTeamCountry "GER"]

1. e4 c6 2. Nc3 d5 3. Nf3 Bg4 4. h3 Bxf3 5. Qxf3 Nf6 6. d3 e6 7. Be2 Nbd7 8. 0-0 Qc7 9. Bf4 Bd6 10. Bxd6 Qxd6 11. a3 0-0 12. Rad1 d4 13. Nb1 a5 14. Nd2 Qc5 15. Rc1 Qg5 16. Rfd1 Rfd8 17. Kh2 a4 18. Qg3 Qxg3+ 19. Kxg3 e5 20. c3 dxc3 21. bxc3 b5 22. d4 Nc5 23. f3 exd4 24. cxd4 Ne6 25. d5 Nd4 26. Bf1 cxd5 27. exd5 Nxd5 28. Kf2 b4 29. axb4 Nxb4 30. Nc4 Nb3 31. Rb1 Nd5 32. Rd3 Rac8 33. Kg3 Kf8 34. h4 h5 35. Na3 Nc3 36. Re1 Nd2 37. Rxd8+ Rxd8 38. Ba6 Rb8 39. Re5 g6 40. Kf4 Ndb1 41. Nxb1 Rxb1 42. Ra5 Rb4+ 43. Ke3 Rxh4 44. Kd3 Na2 45. Bc4 Nb4+ 46. Kc3 Nc6 47. Rxa4 Ne5 48. Ra8+ Kg7 49. Bd5 g5 50. g3 Rh3 51. Kd4 Ng6 52. Ra7 Nh8 53. g4 hxg4 54. fxg4 Rg3 55. Be6 Rf3 56. Bc8 Rf4+ 57. Ke3 Ng6 58. Ra5 Rc4 59. Bd7 Rc7 60. Bf5 Re7+ 61. Kf2 Ne5 62. Rc5 Kf6 63. Ra5 Rb7 64. Ra6+ Ke7 65. Ra5 Rb2+ 66. Kg3 Rb3+ 67. Kf2 Rb2+ 68. Kg3 1/2-1/2

[Event "Oberliga Ost-B 2223"]
[Site "Germany"]
[Date "2023.02.05"]
[Round "7.3"]
[White "Dubkov, Andrej"]
[Black "Dorst, Johannes"]
[Result "1-0"]
[WhiteElo "2333"]
[BlackElo "2218"]
[PlyCount "133"]
[EventDate "2022.09.18"]
[EventType "team-tourn"]
[EventRounds "11"]
[EventCountry "GER"]
[SourceTitle "EXT 2025"]
[Source "ChessBase"]
[SourceDate "2024.10.14"]
[SourceVersion "1"]
[SourceVersionDate "2024.10.14"]
[SourceQuality "1"]
[WhiteTeam "Wiesbaden"]
[BlackTeam "Marburg"]
[WhiteTeamCountry "GER"]
[BlackTeamCountry "GER"]

1. Nf3 c5 2. c4 Nc6 3. Nc3 e6 4. g3 Nf6 5. Bg2 Be7 6. 0-0 0-0 7. d4 cxd4 8. Nxd4 a6 9. Bf4 Qb6 10. Nxc6 dxc6 11. Na4 Qa5 12. Qc2 Nd7 13. Rfd1 e5 14. Bd2 Qc7 15. c5 Rb8 16. Rac1 Kh8 17. Bb4 Nf6 18. Nb6 Be6 19. Ba5 e4 20. Nc4 Qc8 21. Nd6 Bxd6 22. Rxd6 Bd5 23. Rxf6 gxf6 24. Bxe4 Bxe4 25. Qxe4 Qe6 26. Qh4 Rg8 27. Bc3 Rg6 28. Rd1 Qg4 29. Bxf6+ Kg8 30. Qxg4 Rxg4 31. Rd7 Rc4 32. Bd4 Kf8 33. e3 Ke8 34. Rc7 Rb4 35. Bf6 Rb5 36. Bd4 Rd8 37. Bf6 Rb8 38. Re7+ Kf8 39. Re4 h6 40. a4 Rb3 41. Rh4 Ke8 42. Rxh6 Kd7 43. Be5 Re8 44. Rd6+ Ke7 45. Bc3 Kf8 46. a5 Re4 47. Rd4 Re6 48. Kf1 Ke7 49. Ke2 Re5 50. Rc4 Rd5 51. e4 Rd8 52. h4 f6 53. g4 Kf7 54. h5 Rd7 55. f4 Rd8 56. g5 Rh8 57. h6 Re8 58. h7 Kg6 59. gxf6 Kxh7 60. Kd3 Kg6 61. Kc2 Rb5 62. b4 Rh8 63. Rd4 Rh2+ 64. Rd2 Rxd2+ 65. Kxd2 b6 66. f5+ Kf7 67. cxb6 1-0

[Event "Oberliga Ost-B 2223"]
[Site "Germany"]
[Date "2022.11.27"]
[Round "5.3"]
[White "Schneider, Christian1"]
[Black "Dorst, Johannes"]
[Result "1/2-1/2"]
[WhiteElo "2217"]
[BlackElo "2218"]
[PlyCount "76"]
[EventDate "2022.09.18"]
[EventType "team-tourn"]
[EventRounds "11"]
[EventCountry "GER"]
[SourceTitle "EXT 2025"]
[Source "ChessBase"]
[SourceDate "2024.10.14"]
[SourceVersion "1"]
[SourceVersionDate "2024.10.14"]
[SourceQuality "1"]
[WhiteTeam "Stadtilm Blau Weiss"]
[BlackTeam "Marburg"]
[WhiteTeamCountry "GER"]
[BlackTeamCountry "GER"]

1. Nf3 Nf6 2. g3 g6 3. Bg2 Bg7 4. 0-0 0-0 5. d3 d6 6. e4 e5 7. h3 Nc6 8. Nbd2 h6 9. c3 d5 10. Re1 dxe4 11. Nxe4 Nxe4 12. dxe4 Qxd1 13. Rxd1 Be6 14. Be3 Rfd8 15. b3 a5 16. Rxd8+ Rxd8 17. Nd2 a4 18. Bf1 f5 19. Nc4 fxe4 20. Nd2 Ne7 21. bxa4 Ra8 22. Nxe4 b6 23. c4 Rxa4 24. Nc3 e4 25. Rc1 Bxc3 26. Rxc3 Nf5 27. Bf4 c5 28. a3 Nd4 29. Kg2 g5 30. Bc7 Ra6 31. g4 Bd7 32. Kg3 Bc6 33. h4 Kf7 34. hxg5 hxg5 35. Kh2 Nf3+ 36. Kg3 Nd4 37. Kh2 Nf3+ 38. Kg3 Nd4 1/2-1/2

[Event "Oberliga Ost-B 2223"]
[Site "Germany"]
[Date "2022.10.23"]
[Round "3.3"]
[White "Dorst, Johannes"]
[Black "Heinatz, Thomas"]
[Result "1/2-1/2"]
[WhiteElo "2218"]
[BlackElo "2271"]
[PlyCount "96"]
[EventDate "2022.09.18"]
[EventType "team-tourn"]
[EventRounds "11"]
[EventCountry "GER"]
[SourceTitle "EXT 2025"]
[Source "ChessBase"]
[SourceDate "2024.10.14"]
[SourceVersion "1"]
[SourceVersionDate "2024.10.14"]
[SourceQuality "1"]
[WhiteTeam "Marburg"]
[BlackTeam "Schoeneck"]
[WhiteTeamCountry "GER"]
[BlackTeamCountry "GER"]

1. e4 c5 2. Nf3 d6 3. Bb5+ Nd7 4. 0-0 Ngf6 5. Re1 e6 6. c3 a6 7. Bf1 Be7 8. d4 0-0 9. a4 b6 10. Bd3 Bb7 11. Nbd2 cxd4 12. cxd4 e5 13. d5 Nc5 14. Bb1 a5 15. Nf1 Ba6 16. Ng3 g6 17. h3 Nfd7 18. Ra3 Rc8 19. Bh6 Re8 20. Qd2 f6 21. h4 Bf8 22. Be3 h5 23. Bc2 Qe7 24. Bd1 Rc7 25. Be2 Rec8 26. b4 axb4 27. Qxb4 Bxe2 28. Nxe2 Ra7 29. Rea1 Rca8 30. Nc3 Qd8 31. Nb5 Ra6 32. Nd2 Kh7 33. f3 Nb7 34. Bf2 Ndc5 35. Nf1 Qd7 36. Qc4 Bh6 37. Nc3 Ra5 38. Rb1 Rc8 39. Rxb6 Nxa4 40. Rc6 Nb2 41. Qa2 Rxa3 42. Qxa3 Nd3 43. Be3 Rxc6 44. dxc6 Qxc6 45. Nd5 Nf4 46. Bxf4 Bxf4 47. Nxf6+ Kg7 48. Nd5 Qc5+ 1/2-1/2